000 00206 a2200097 4500
001 23133
100 _aTomeski, E A
245 _aComputer Revolution
260 _a
_bMacmillan
_c1970
090 _c15673
_d15673
942 _aNUST-CAE
_cM
_c6306
999 _c258206
_d258206